| 000 | 00381cam a22001097a 4500 | ||
|---|---|---|---|
| 008 | 180718b2000 xxu||||| |||| 00| 0 eng d | ||
| 100 | _aBeck, Thorsten | ||
| 245 |
_aImpediments to the development and efficiency of financil intermediation in Brazil _cby Thorsten Beck |
||
| 260 |
_aWashington, D.C. _bWorld Bank _c2000 |
||
| 300 | _a15p. | ||
| 440 | _aPolicy research working paper; 2382 | ||
| 999 |
_c283335 _d283335 |
||